<?xml version="1.0" encoding="UTF-8"?>
<record
    xmlns:xsi="http://www.w3.org/2001/XMLSchema-instance"
    xsi:schemaLocation="http://www.loc.gov/MARC21/slim http://www.loc.gov/standards/marcxml/schema/MARC21slim.xsd"
    xmlns="http://www.loc.gov/MARC21/slim">

  <leader>01086nam a2200241 a 4500</leader>
  <controlfield tag="001">BRCA_7292</controlfield>
  <controlfield tag="005">20190320205801.0</controlfield>
  <controlfield tag="008">030412s2009----ag-#######---#000-0#eng-#</controlfield>
  <datafield tag="020" ind1=" " ind2=" ">
    <subfield code="a">9783922912651</subfield>
  </datafield>
  <datafield tag="050" ind1=" " ind2="4">
    <subfield code="a">NK8250</subfield>
    <subfield code="b">.F67 2009</subfield>
  </datafield>
  <datafield tag="100" ind1="1" ind2=" ">
    <subfield code="a">Forschler-Tarrasch, Anne</subfield>
    <subfield code="9">18046</subfield>
  </datafield>
  <datafield tag="245" ind1="1" ind2="0">
    <subfield code="a">European Cast Iron in the Birmingham Museum of Art</subfield>
    <subfield code="b">The Gustav Lamprecht and Maurice Garb&#xE1;ty Collections = Europ&#xE4;ischer Eisenkunstguss im Birmingham Museum of Art : Die Sammlungen von Gustav Lamprecht und von Maurice Garb&#xE1;ty</subfield>
    <subfield code="c">Anne Forschler-Tarrasch.</subfield>
  </datafield>
  <datafield tag="260" ind1=" " ind2=" ">
    <subfield code="a">Birmingham</subfield>
    <subfield code="b">Birmingham Museum of Art</subfield>
    <subfield code="c">2009</subfield>
  </datafield>
  <datafield tag="300" ind1=" " ind2=" ">
    <subfield code="a">384 p.</subfield>
    <subfield code="b">il.</subfield>
    <subfield code="c">26 cm.</subfield>
  </datafield>
  <datafield tag="500" ind1=" " ind2=" ">
    <subfield code="a">Incluye &#xED;ndice alfab&#xE9;tico</subfield>
  </datafield>
  <datafield tag="546" ind1=" " ind2=" ">
    <subfield code="a">Texto en: ingl&#xE9;s y alem&#xE1;n</subfield>
  </datafield>
  <datafield tag="600" ind1="1" ind2="4">
    <subfield code="a">Lamprecht, Gustav</subfield>
    <subfield code="9">18047</subfield>
  </datafield>
  <datafield tag="600" ind1="1" ind2="4">
    <subfield code="a">Garb&#xE1;ty, Maurice</subfield>
    <subfield code="9">18048</subfield>
  </datafield>
  <datafield tag="610" ind1="2" ind2="4">
    <subfield code="a">Birmingham Museum of Art</subfield>
    <subfield code="x">Colecciones de arte</subfield>
    <subfield code="9">18049</subfield>
  </datafield>
  <datafield tag="650" ind1="1" ind2="4">
    <subfield code="a">Trabajos en hierro</subfield>
    <subfield code="v">Cat&#xE1;logos</subfield>
    <subfield code="9">18050</subfield>
  </datafield>
  <datafield tag="740" ind1="0" ind2=" ">
    <subfield code="a">Europ&#xE4;ischer Eisenkunstguss im Birmingham Museum of Art : Die Sammlungen von Gustav Lamprecht und von Maurice Garb&#xE1;ty</subfield>
  </datafield>
  <datafield tag="942" ind1=" " ind2=" ">
    <subfield code="2">lcc</subfield>
    <subfield code="c">B</subfield>
  </datafield>
  <datafield tag="999" ind1=" " ind2=" ">
    <subfield code="c">6969</subfield>
    <subfield code="d">6969</subfield>
  </datafield>
  <datafield tag="952" ind1=" " ind2=" ">
    <subfield code="0">0</subfield>
    <subfield code="1">0</subfield>
    <subfield code="4">0</subfield>
    <subfield code="7">0</subfield>
    <subfield code="a">BRCA</subfield>
    <subfield code="b">BRCA</subfield>
    <subfield code="d">2012-04-03</subfield>
    <subfield code="l">0</subfield>
    <subfield code="o">NK8250 .F67 2009</subfield>
    <subfield code="p">00656</subfield>
    <subfield code="r">2019-03-22 00:00:00</subfield>
    <subfield code="w">2019-03-22</subfield>
    <subfield code="y">B</subfield>
  </datafield>
</record>
